| 000 | 00463nam a2200169 i 4500 | ||
|---|---|---|---|
| 001 | 81648 | ||
| 003 | ES-MaACL | ||
| 005 | 20230906174500.0 | ||
| 007 | t| | ||
| 008 | 041105s1932 gw ||||1| eng d | ||
| 100 | 1 |
_aHuxley, Aldous, _d1894-1963 _964858 |
|
| 245 | 1 | 0 |
_aPoint counter point / _cby Aldous Huxley. |
| 260 |
_aLeipzig : _bBernhard Tauchnitz, _c[1932] |
||
| 300 |
_a2 v. ; _c16 cm. |
||
| 852 |
_aES-MaACL _jF-14723-24 |
||
| 999 |
_c81648 _d81648 |
||